1729 1248 1469 1324 1639 1083 1373 1554 1047 1942 1299 1153 1339 1224 1357 1216 1705 1135 1460 1063 1042 1736 1020 1187 1104 1393 1508 1321 1357 1562 1846 1801 1242 1724 1396 1801 1935 1854 1826 1021 1170 1333 1962 1525 1199 1033 1865 1595 1770 1809 1106 1604 1145 1996 1500 1901 1432 1348 1888 1712 1960 1132 1579 1932 1046 1514 1349 1193 1575 1465 1205 1745 1599 1031 1966 1574 1489 1750 1433 1416 1421 1633 1047 1265 1014 1698 1095 1858 1536 1180 1633 1426 1459 1189 1858 1372 1536 1049 1831 BCNSPRNW ULIB Ver.6.0+V

เปลี่ยนเป็นภาษาไทย

Change to English
 แสดงรายละเอียดบรรณานุกรม
  กลับหน้าหลัก

Brief Record : Get Marc (ISO 2709) : E-mail record : QR code < ปิดหน้าต่าง
LEADER : 00000nas 2200000uu 4500
001    13399125934
003     ULIB
008    171120s2560||||th 000 0 tha d
022 0  ^a25395890
110 1  ^aวารสารสาธารณสุขจังหวัดชัยนาท
245 00 ^aวารสารสาธารณสุขจังหวัดชัยนาท^cสำนักงานสาธารณสุขจังหวัดชัยนาท
260    ^aชัยนาท;^bสำนักงานสาธารณสุขจังหวัดชัยนาท,^c2560
310    ^aราย 6 เดือน
850 ^a ULIB^bปีที่ 5 ฉบับที่ 5 ฉ.1 ;ปีที่ 3 ฉบับที่ 4 ฉ.1 ;ปีที่ 2 ฉบับที่ 2 ฉ.1 ;ปีที่ 2 ฉบับที่ 2 ฉ.1
945    ^p0^l0^i905251
945    ^p0^l0^i905044
945    ^p0^l0^i904704
945    ^p0^l0^i904911
999    ^aประนอม เกษจรัล
รายการนี้ยังไม่มีแท็ก
คุณยังไม่ได้ล็อกอิน คุณสามารถมีกิจกรรมร่วมกับเว็บไซต์ได้ แต่ต้องล็อกอินก่อน ::
  ล็อกอิน

รายการสื่อสารสนเทศ (วารสาร)

ดูแบบ: กล่อง รายการ
ARRIVED
ปีที่ 2 ฉบับที่ 2 ฉ.1
สถานที่: ห้องสมุดวิทยาเขตสวรรค์ประชารักษ์ >วารสาร
ARRIVED
ปีที่ 3 ฉบับที่ 4 ฉ.1
สถานที่: ห้องสมุดวิทยาเขตสวรรค์ประชารักษ์ >วารสาร
ARRIVED
ปีที่ 5 ฉบับที่ 5 ฉ.1
สถานที่: ห้องสมุดวิทยาเขตสวรรค์ประชารักษ์ >วารสาร

BibComment


ยังไม่เคยถูกคอมเมนท์

คอมเมนท์ทรัพยากรรายการนี้
  คอมเมนท์: วารสารสาธารณสุขจ..


 Copyright 2026. Bcnsprnw @Library